Sborník automatizačných prvkov I.

Bibliographic Details
Format: Book
Language:Slovak
PhysicalDescription:[178] s. sch., tab. 29 cm
Published: Nové Mesto nad Váhom Vývojový ústav pre mechanizáciu a automatizáciu 1959
Edition:[1. vyd.]
Subjects:

MARC

LEADER 00000nam a2200000 a 4500
001 vtls001521494
003 SK-MaSNL
005 20260301074416.0
008 180601s1959 xo l f 000 0 slo
020 |q (brož.) 
035 |a FA70EDE3-3FA9-4751-8DCB-B6C103013413 
035 |a urn:nbn:sk:snk-am3h54g 
035 |a urn:nbn:sk:snk-am008ud9 
040 |a SNK  |b slo  |c SNK  |e AACR2 
041 0 |a slo 
044 |a xo  |c SK 
072 7 |a 681.5  |x Automatizačná a riadiaca technika  |2 konspekt 
245 0 0 |a Sborník automatizačných prvkov  |n I. 
250 |a [1. vyd.] 
260 |a Nové Mesto nad Váhom  |b Vývojový ústav pre mechanizáciu a automatizáciu  |c 1959 
300 |a [178] s.  |b sch., tab.  |c 29 cm 
521 |a Pre služobnú potrebu podnikov Ministerstva všeobecného strojárstva 
650 0 7 |a automatizácia  |2 SNKPH  |9 1428 
650 0 7 |a automatizačná technika  |2 SNKPH  |9 29551 
655 7 |a zborníky  |2 SNKPH  |9 70165 
999 |c 647039  |d 648969 
952 |a SNK  |b SNK  |y PREZ  |7 0  |p 17A0464008  |o snkSB 70248/2  |i snk2005/5007  |8 1  |0 0  |1 0  |4 0  |d 2005-04-01  |f 1  |l 0  |r 2025-04-25 00:00:00  |w 2026-02-23